Towards a certification system for bioprospecting activities / (Registro nro. 20722)
[ vista simple ]
| 000 -CABECERA | |
|---|---|
| Campo de control | 01093cam a22002777a 4500 |
| 005 - FECHA Y HORA DE LA ULTIMA TRANSACCION | |
| Campo de control | 20200124073227.0 |
| 008 - ELEMENTOS DE LONGITUD FIJA—INFORMACION GENERAL | |
| Campo de control | 020613n2001 gw b 000 0 eng |
| 020 ## - ISBN | |
| ISBN | 3907846079 |
| 040 ## - FUENTE DE CATALOGACIÓN | |
| Agencia catalogadora original | DLC |
| Agencia transcriptora | DLC |
| Agencia Modificadora | DLC |
| 041 ## - IDIOMA | |
| Código de idioma para texto/pista de sonido o título separado | Inglés |
| 044 ## - PAÍS DE PUBLICACIÓN | |
| País de publicación | Alemania |
| 082 ## - NUMERO DE CLASIFICACION DECIMAL DEWEY | |
| Número de clasificación | 333.953413 |
| Número del ítem | G56t |
| 100 1# - ASIENTO PRINCIPAL--NOMBRE PERSONAL | |
| Nombre personal | Glowka, Lyle. |
| 245 10 - MENCION DE TITULO | |
| Título | Towards a certification system for bioprospecting activities / |
| Mención de responsabilidad | Lyle Glowka. |
| 260 ## - PUBLICACION, DISTRIBUCION, ETC. (PIE DE IMPRENTA) | |
| Lugar de publicación, distribución, etc. | Bern : |
| Nombre del editor, distribuidor, etc. | State Secretariat for Economic Affairs, |
| Fecha de publicación, distribución, etc. | 2001. |
| 300 ## - DESCRIPCION FISICA | |
| Extensión | v, 119 p. ; |
| Dimensiones | 20.9 x 15 cm. |
| 500 ## - NOTA GENERAL | |
| Nota general | "Study commissioned by the State Secretariat for Economic Affairs." |
| 504 ## - NOTA DE BIBLIOGRAFIA, ETC. | |
| Nota de bibliografía | Includes bibliographical references (p. 111-117). |
| 650 #0 - ASIENTO SECUNDARIO DE MATERIA - TERMINO TEMATICO | |
| Término temático o nombre geográfico como elemento de entrada | Recursos genéticos |
| Subdivisión general | políticas |
| 650 #0 - ASIENTO SECUNDARIO DE MATERIA - TERMINO TEMATICO | |
| Término temático o nombre geográfico como elemento de entrada | Certificación |
| Subdivisión de forma | Variedades |
| 650 #0 - ASIENTO SECUNDARIO DE MATERIA - TERMINO TEMATICO | |
| Término temático o nombre geográfico como elemento de entrada | Bioprospectiva |
| 710 1# - ASIENTO SECUNDARIO - NOMBRE CORPORATIVO | |
| Nombre corporativo o de jurisdicción como elemento de entrada | Switzerland. |
| Unidad subordinada | Staatssekretariat für Wirtschaft. |
| 906 ## - LOCAL DATA ELEMENT F, LDF (RLIN) | |
| a | 7 |
| b | cbc |
| c | orignew |
| d | 3 |
| e | ncip |
| f | 20 |
| g | y-gencatlg |
| 942 ## - ELEMENTOS ADICIONALES (KOHA) | |
| Sistema de clasificación | Dewey Decimal Classification |
| Tipo de ítem | Libro |
| Withdrawn status | Lost status | Sistema de Clasificación | Damaged status | No para préstamo | Colección | Ubicación Permanente | Ubicación actual | Fecha de adquisición | Total Checkouts | Número topográfico | Inventario / Código de Barras | Date last seen | Ejemplar | Price effective from | Forma de adquisición | Tipo de material |
|---|---|---|---|---|---|---|---|---|---|---|---|---|---|---|---|---|
| Dewey Decimal Classification | General | Bogotá | Bogotá | 24/01/2020 | LB-333.953413 G56t | 043989 | 24/01/2020 | Ej. 1 | 24/01/2020 | Donación | Libro |